[Event "Vienna 4Kids op"]
[Site "Vienna"]
[Date "2010.12.11"]
[Round "8.5"]
[White "Tamele, Daniel"]
[Black "Piwonka, Thomas"]
[Result "1-0"]
[WhiteElo "1514"]
[BlackElo "1418"]
[PlyCount "43"]
[EventDate "2010.10.26"]
[EventType "swiss"]
[EventRounds "9"]
[EventCountry "AUT"]
[SourceTitle "EXT 2024"]
[Source "ChessBase"]
[SourceDate "2023.10.10"]
[SourceVersion "1"]
[SourceVersionDate "2023.10.10"]
[SourceQuality "1"]

1. e4 c5 2. Nf3 d6 3. d4 cxd4 4. Nxd4 Nf6 5. Nc3 g6 6. Be3 Ng4 7. Bb5+ Bd7 8. Qxg4 Nc6 9. Qd1 Bg7 10. Qd2 Nxd4 11. Bxd7+ Qxd7 12. Bxd4 0-0 13. Bxg7 Kxg7 14. 0-0-0 Qg4 15. f3 Qd7 16. Qd4+ f6 17. g4 Rfd8 18. h4 h6 19. g5 h5 20. gxf6+ exf6 21. Nd5 Qe6 22. Nc7 1-0

[Event "Vienna 4Kids op"]
[Site "Vienna"]
[Date "2010.11.21"]
[Round "6.3"]
[White "Schwab, Lukas"]
[Black "Piwonka, Thomas"]
[Result "1-0"]
[WhiteElo "1470"]
[BlackElo "1418"]
[PlyCount "57"]
[EventDate "2010.10.26"]
[EventType "swiss"]
[EventRounds "9"]
[EventCountry "AUT"]
[SourceTitle "EXT 2024"]
[Source "ChessBase"]
[SourceDate "2023.10.10"]
[SourceVersion "1"]
[SourceVersionDate "2023.10.10"]
[SourceQuality "1"]

1. e4 c5 2. Nf3 d6 3. d4 cxd4 4. Nxd4 Nf6 5. Nc3 g6 6. Be3 Ng4 7. Bc1 Bg7 8. f3 Ne5 9. Be3 a6 10. Qd2 0-0 11. 0-0-0 Re8 12. h4 h5 13. Be2 Nbc6 14. Rdg1 Nxd4 15. Bxd4 b5 16. g4 hxg4 17. fxg4 e6 18. g5 Nc4 19. Bxc4 e5 20. Be3 bxc4 21. h5 Rb8 22. hxg6 fxg6 23. Qh2 Qc7 24. Qh7+ Kf7 25. Rf1+ Ke6 26. Qxg6+ Kd7 27. Qxg7+ Re7 28. Rf7 Ke8 29. Rh8+ 1-0

[Event "Vienna 4Kids op"]
[Site "Vienna"]
[Date "2010.10.26"]
[Round "3.8"]
[White "Kulka, Julian"]
[Black "Piwonka, Thomas"]
[Result "0-1"]
[WhiteElo "1200"]
[BlackElo "1418"]
[PlyCount "62"]
[EventDate "2010.10.26"]
[EventType "swiss"]
[EventRounds "9"]
[EventCountry "AUT"]
[SourceTitle "EXT 2024"]
[Source "ChessBase"]
[SourceDate "2023.10.10"]
[SourceVersion "1"]
[SourceVersionDate "2023.10.10"]
[SourceQuality "1"]

1. e4 c5 2. Nf3 d6 3. Bb5+ Nc6 4. 0-0 Nf6 5. Nc3 g6 6. d4 cxd4 7. Nxd4 Qc7 8. Bg5 Bg7 9. Qf3 0-0 10. Rad1 a6 11. Bc4 b5 12. Bd5 Bb7 13. e5 Nxe5 14. Ncxb5 Nxf3+ 15. Bxf3 axb5 16. Nxb5 Qb6 17. Nc3 Bxf3 18. gxf3 Qxb2 19. Ne2 Qxc2 20. Rde1 Qf5 21. Bh4 g5 22. Bg3 Qxf3 23. Nd4 Qd5 24. Nc2 h5 25. Nb4 Qb7 26. Nc2 Rxa2 27. Ne3 Nd5 28. Nf5 h4 29. Re4 h3 30. Rfe1 Nc3 31. Rxe7 Qg2# 0-1